[Event "Queenstown op"]
[Site "Queenstown"]
[Date "2012.01.22"]
[Round "8"]
[White "Watson, Jeremy"]
[Black "Gold, Hamish R"]
[Result "1/2-1/2"]
[WhiteElo "1571"]
[BlackElo "1830"]
[PlyCount "57"]
[EventDate "2012.01.15"]
[EventType "swiss"]
[EventRounds "9"]
[EventCountry "NZL"]
[SourceTitle "CBM 146 Extra"]
[Source "ChessBase"]
[SourceDate "2012.02.29"]
[SourceVersion "1"]
[SourceVersionDate "2012.02.29"]
[SourceQuality "1"]

1. d4 f5 2. Nf3 e6 3. g3 Nf6 4. Bg2 Be7 5. 0-0 0-0 6. c4 c6 7. b3 d5 8. Ba3 Nbd7 9. Bxe7 Qxe7 10. Nbd2 e5 11. dxe5 Nxe5 12. Nxe5 Qxe5 13. cxd5 cxd5 14. Nf3 Qe7 15. Nd4 Bd7 16. Qd3 Ne4 17. Rfc1 Rac8 18. f3 Nc5 19. Qd2 Bc6 20. Rc2 Ne6 21. e3 g6 22. Rac1 Nxd4 23. Qxd4 Rfe8 24. Kf2 a6 25. f4 Qe6 26. Rc5 Rcd8 27. a3 Rd7 28. Rd1 Red8 29. Rdc1 1/2-1/2

[Event "Queenstown op"]
[Site "Queenstown"]
[Date "2012.01.16"]
[Round "2"]
[White "Watson, Jeremy"]
[Black "Gu, Xiaobing"]
[Result "0-1"]
[WhiteElo "1571"]
[BlackElo "2244"]
[PlyCount "80"]
[EventDate "2012.01.15"]
[EventType "swiss"]
[EventRounds "9"]
[EventCountry "NZL"]
[SourceTitle "CBM 146 Extra"]
[Source "ChessBase"]
[SourceDate "2012.02.29"]
[SourceVersion "1"]
[SourceVersionDate "2012.02.29"]
[SourceQuality "1"]

1. d4 Nf6 2. Nf3 c5 3. e3 e6 4. Be2 b6 5. 0-0 Bb7 6. b3 cxd4 7. exd4 Be7 8. Bb2 0-0 9. Nbd2 d6 10. Re1 Nbd7 11. c4 Re8 12. Rc1 a5 13. a3 e5 14. d5 b5 15. Qc2 bxc4 16. bxc4 Rc8 17. Qb1 Ba6 18. Bf1 Qb6 19. Qa2 Bd8 20. Ne4 Nxe4 21. Rxe4 Nc5 22. Re3 e4 23. Nd4 Bg5 24. Nf5 Bxe3 25. fxe3 Nb3 26. Rd1 Rb8 27. Bxg7 Bc8 28. Bd4 Nxd4 29. Nxd4 Qb2 30. Qxb2 Rxb2 31. Nb5 Rd8 32. Rc1 Ba6 33. Rc3 Kg7 34. Nd4 a4 35. Be2 Rdb8 36. Kf2 Rd2 37. Nf5+ Kg6 38. Nxd6 Rbb2 39. Nxe4 Rxe2+ 40. Kf3 f5 0-1

[Event "Queenstown op"]
[Site "Queenstown"]
[Date "2009.01.17"]
[Round "3"]
[White "Lukey, Stephen G"]
[Black "Watson, Jeremy"]
[Result "1-0"]
[WhiteElo "2247"]
[BlackElo "1986"]
[PlyCount "93"]
[EventDate "2009.01.15"]
[EventType "swiss"]
[EventRounds "10"]
[EventCountry "NZL"]
[SourceTitle "CBM 128 Extra"]
[Source "ChessBase"]
[SourceDate "2009.03.05"]
[SourceVersion "2"]
[SourceVersionDate "2009.03.25"]
[SourceQuality "1"]

1. d4 d5 2. c4 e6 3. Nf3 Nf6 4. Nc3 c6 5. Bg5 Nbd7 6. e3 Qa5 7. cxd5 exd5 8. Bd3 Ne4 9. 0-0 Nxg5 10. Nxg5 h6 11. Qh5 g6 12. Bxg6 hxg5 13. Bxf7+ Ke7 14. Qxh8 Kxf7 15. f4 g4 16. Qh5+ Kg8 17. Ne4 Qd8 18. Qxg4+ Bg7 19. Qe6+ Kh8 20. Rf3 Nf6 21. Rh3+ Nh7 22. Ng5 Bxe6 23. Rxh7+ Kg8 24. Rxg7+ Kh8 25. Rh7+ Kg8 26. Nxe6 Qf6 27. Ng5 Re8 28. Rh3 c5 29. Rg3 Kh8 30. Rc1 c4 31. f5 Qxf5 32. Rf1 Qd3 33. h3 Rg8 34. Rff3 b5 35. Kh2 b4 36. Rf4 Rg6 37. Nf7+ Kg8 38. Ne5 Rxg3 39. Nxd3 Rxe3 40. Nxb4 Re2 41. Nxd5 Rxb2 42. Nc3 Rc2 43. Rf3 Rd2 44. d5 Rd3 45. Rxd3 cxd3 46. Kg3 Kf7 47. Kf4 1-0